| 000 | 00619nam a2200217 a 4500 | ||
|---|---|---|---|
| 005 | 20210219153118.0 | ||
| 008 | 991125n 000 0 eng u | ||
| 035 | _aUPN01000078870 | ||
| 100 | _aMiller, Kathleen K. | ||
| 222 | _aJOURNAL OF READING | ||
| 245 | _aExpository passage organizers : models for reading and writing | ||
| 300 | _a372-377 | ||
| 362 | _a1992 35, no. 35 | ||
| 653 | 0 | _aDOCUMENTOS | |
| 653 | 0 | _aGUIAS DE ESTUDIO | |
| 653 | 0 | _aMEJORAMIENTO DE LA ESCRITURA | |
| 653 | 0 | _aPERFECCIONAMIENTO DE LA LECTURA | |
| 700 | _aGeorge, John E., coaut. | ||
| 904 |
_aAC _b016681 |
||
| 905 | _aArticulo | ||
| 999 |
_c68806 _d68806 |
||